• 首页
  • 本馆介绍
  • 公告通知
  • 最新文献
  • 馆藏检索
  • 电子资源
  • 读者导购
  • 参考咨询
  • 我的图书馆
  • 登录
  • 详细信息显示
  • 放入我的书架
  • 预约/预借图书
  • 作者相关作品
  • 分类相关作品
  • 丛书相关作品
  • 出版社相关作品

书目信息

  • 表格格式
  • 工作单格式
  • 卡片格式
题名:
零起点意大利语多媒体课堂
    
 
作者: 张淑娟 著
分册:  
出版信息: 北京   中国水利水电出版社  2016
页数: 181页
开本: 24cm
丛书名: 专为初学者设计的意大利语入门书
单 册:
中图分类: H772
科图分类:
主题词: 意大利语--yi da li yu--自学参考资料
电子资源:
ISBN: 978-7-5170-4071-2
000 01187nam0 22002651 450
001 0122100837
005 20170322100837.0
010    @a978-7-5170-4071-2@dCNY36.80
100    @a20160517d2016 em y0chiy50 ea
101 0  @achi@aita
102    @aCN@b110000
105    @aak z 000yy
106    @ar
200 1  @a零起点意大利语多媒体课堂@9ling qi dian yi da li yu duo mei ti ke tang@e发音、词汇、句子、会话一本就够@f张淑娟著
210    @a北京@c中国水利水电出版社@d2016
215    @a181页@c彩图@d24cm
225 2  @a专为初学者设计的意大利语入门书@9zhuan wei chu xue zhe she ji de yi da li yu ru men shu
330    @a本书是为零基础的意大利语学习者量身定做的意大利语入门书籍。全书分为发音、词汇、句子、对话和语法五个篇章,一书在手,全方位掌握意大利语必备的基本内容。作者的编写风格新颖活泼,寓教于乐。本书不局限于意大利语学习本身,更向读者展示了意大利文化的独特风情。
461  0 @12001 @a专为初学者设计的意大利语入门书
517 1  @a发音词汇句子会话一本就够@9fa yin ci hui ju zi hui hua yi ben jiu gou
606 0  @a意大利语@9yi da li yu@x自学参考资料
690    @aH772@v5
701  0 @a张淑娟@9zhang shu juan@4著
801  0 @aCN@bTANGWEI@c20170308
905    @b0960170-3@dH772@e15@f4
    
    零起点意大利语多媒体课堂:发音、词汇、句子、会话一本就够/张淑娟著.-北京:中国水利水电出版社,2016
    181页:彩图;24cm.-(专为初学者设计的意大利语入门书)
    
    
    ISBN 978-7-5170-4071-2:CNY36.80
    本书是为零基础的意大利语学习者量身定做的意大利语入门书籍。全书分为发音、词汇、句子、对话和语法五个篇章,一书在手,全方位掌握意大利语必备的基本内容。作者的编写风格新颖活泼,寓教于乐。本书不局限于意大利语学习本身,更向读者展示了意大利文化的独特风情。
●
相关链接 在E读中查询图书 在五车中查询图书 在当当中查询图书 在豆瓣中查询图书


正题名:零起点意大利语多媒体课堂     索取号:H772/15         预约/预借

序号 登录号 条形码 馆藏地/架位号 状态 备注
1 0960170   209601705   第二样本阅览室/ [索取号:H772/15] 在馆    
2 0960171   209601714   第四借阅区/ [索取号:H772/15] 在馆    
3 0960172   209601723   第四借阅区/ [索取号:H772/15] 在馆    
4 0960173   209601732   第四借阅区/ [索取号:H772/15] 在馆    
唐山师范学院图书馆 欢迎您!
大连网信软件有限公司© 版权所有